000 01772nam a22002537a 4500
942 _cBK
999 _c658
_d658
005 20250420134820.0
008 210624b ||||| |||| 00| 0 eng d
020 _a9781292096858
040 _cKCST
082 _a004.22
_bSt Co
100 _aStallings, William
_91290
245 _aComputer organization and architecture:
_bdesigning for performance /
_cWilliam Stallings; Peter Zeno
250 _a10th ed. Global edition
260 _aHarlow, England:
_bPearson Education Limited;
_c2016
300 _a857 pages: lll.
440 _aAlways learning
_91004
505 _a PART ONE: OVERVIEW 1. Basic Concepts and Computer Evolution 2. Performance Issues PART TWO: THE COMPUTER SYSTEM 3. A Top-Level View of Computer Function and Interconnection 4. Cache Memory 5. Internal Memory Technology 6. External Memory 7. Input/Output 8. Operating System Support PART THREE: ARITHMETIC AND LOGIC 9. Number Systems 10. Computer Arithmetic 11. Digital Logic PART FOUR: THE CENTRAL PROCESSING UNIT 12. Instruction Sets: Characteristics and Functions 13. Instruction Sets: Addressing Modes and Formats 14. Processor Structure and Function 15. Reduced Instruction Set Computers (RISCs) 16. Instruction-Level Parallelism and Superscalar Processors PART FIVE: PARALLEL ORGANIZATION 17. Parallel Processing 18. Multicore Computers 19. General-Purpose Graphic Processing Units PART SIX THE CONTROL UNIT 20. Control Unit Operation 21. Microprogrammed Control Appendix A. Assembly Language, Assemblers, and Compilers Appendix B. Projects for Teaching Computer Organization and Architecture.
650 _aComputer organization
_95226
650 _aComputer architecture
_95227
650 _aComputers
_vArchitecture
_95228
700 _aZeno, Peter
_95229
942 _2ddc